01701cam a2200373 i 45000010011000000030004000110050017000150070003000320080041000350200029000760240018001050400031001230410013001540820026001671000042001932400083002352450117003182460045004352640051004802640012005313000052005433360027005953370033006223380027006555000086006825000250007686000037010186000042010556500018010976500034011156500023011496500039011727000116012110006251270OSt20260618200838.0ta191107t20192019sz ||||j 000 0 fre  a9782889570263q(broch)̌3 a9782889570263 aSDMbfreerdadSQTDdQMBND1 afrehita 5aJ 688.725 bF827L2231 aFrangioja, Francesco,d1971-eauteur.10aLeonardo de Vinci, construis ses linvenzioni con i mattoncini LEGO.lFranȧis10aLéonard de Vinci, construis ses inventions en briques LEGO /cFrancesco Frangioja ; traduction, Chľi Rioboo.30aConstruis ses inventions en briques LEGO 1aChermignon, Suisse :bNuinui jeunesse,c[2019] 4c♭2019 a159 pages :billustrations en couleur ;c29 cm. atextebtxt2rdacontent asans mďiationbn2rdamedia avolumebnc2rdacarrier aTraduction de: Leonardo da Vinci, costruisci le invenzioni con i mattoncini LEGO. a"° l'occasion des 500 ans de la mort de Léonard de Vinci. Instructions de montage pas à pas; un code QR avec des contenus multimedia pour chaque modl̈e; les listes détaillées des pièces et des conseils pour les obtenir"--Couverture.06aLéonard,cde Vinci,d1452-151907aLéonard,cde Vinci,d1452-15192vmj 6aLEGO (Jouets) 6aInventionsxModl̈es rďuits 7aLEGO (Jouets)2vmj 7aInventionsxModl̈es rďuits2vmj1 iTraduction de:aFrangioja, Francesco,d1971-tLeonardo da Vinci, costruisci le invenzioni con i mattoncini LEGO